000 01284cam a2200373 a 4500
001 9169
003 FISKH
005 20260128105139.0
008 050902s2006 ilua b 000 1 eng
010 _a 2005024612
020 _a0807502553
020 _a9780807502556
020 _a9780545030472
035 _a14096475
035 _a(OCoLC)61881003
040 _aDLC
_cDLC
_dIG#
_dDLC
_beng
050 _aPZ7.D7223325 A
082 _a813.54
100 1 _aDonohue, Moira Rose.
245 1 0 _aAlfie the apostrophe /
_cMoira Rose Donohue ; illustrated by JoAnn Adinolfi.
260 _aMorton Grove :
_bA. Whitman,
_c2006.
300 _a32 unnumbered pages :
_bcolor illustrations ;
_c22 x 28 cm.
505 _aO
520 _aAlfie the Apostrophe feels unsure of himself until he shows off his abilities for possessives and making contractions at the Punctuation Talent Show.
521 8 _a600
_bLexile estimate
521 8 _aO
_bRaz-Plus
650 1 _aApostrophe
_vFiction.
650 1 _aEnglish language
_xPunctuation
_vFiction.
655 7 _aFiction.
_2lcgft
_0https://id.loc.gov/authorities/genreForms/gf2014026339
700 1 _aAdinolfi, JoAnn,
_eillustrator
906 _a7
_bcbc
_corignew
_d1
_eecip
_f20
_gy-gencatlg
942 _2ddc
_cBK
_n0
999 _c9169
_d9169